BIBLIOTECA

SENCICO

Costos de obras civiles (Registro nro. 1680)

Detalles MARC
000 -LEADER
fixed length control field 00877nam a2200241Ia 4500
005 - DATE AND TIME OF LATEST TRANSACTION
control field 20251020182519.0
008 - FIXED-LENGTH DATA ELEMENTS--GENERAL INFORMATION
fixed length control field 200515s9999 xx 000 0 und d
020 ## - INTERNATIONAL STANDARD BOOK NUMBER
International Standard Book Number 978-958-771-738-9
082 ## - DEWEY DECIMAL CLASSIFICATION NUMBER
Classification number 69.003/T33
100 ## - MAIN ENTRY--PERSONAL NAME
Personal name Tejada, Jorge Luis
245 #0 - TITLE STATEMENT
Title Costos de obras civiles
250 ## - EDITION STATEMENT
Edition statement 1a ed.
260 ## - PUBLICATION, DISTRIBUTION, ETC.
Place of publication, distribution, etc. Bogotá, D.C.
260 ## - PUBLICATION, DISTRIBUTION, ETC.
Name of publisher, distributor, etc. Ecoe Ediciones Limitada
260 ## - PUBLICATION, DISTRIBUTION, ETC.
Date of publication, distribution, etc. 2019
300 ## - PHYSICAL DESCRIPTION
Other physical details il., tbl., graf., fot.
490 ## - SERIES STATEMENT
Series statement Ingeniería y salud en el trabajo. Ingeniería civil
500 ## - GENERAL NOTE
General note 1 ejemplar
520 ## - SUMMARY, ETC.
Summary, etc. Considera los aspectos generales y particulares en la contratación de obras. Su contenido se desarrolla desde la valoración de costos directos de construcción, la cuantificación de los materiales, la estimación de los costos de mano de obra conforme a las
650 ## - SUBJECT ADDED ENTRY--TOPICAL TERM
Topical term or geographic name entry element COSTOS Y PRESUPUESTOS
942 ## - ADDED ENTRY ELEMENTS (KOHA)
Koha item type Libros
Existencias
Fecha de la última vez que lo usaron Pago total Signatura topográfica completa Código de barras Precio efectivo desde Tipo de documento Estado perdido Estado dañado No es para préstamo Retirado Ubicación permanente Ubicación actual Fecha de adquisición
15/05/2020   69.003/T33 Bib-Lima15051680 15/05/2020 Libros         Biblioteca Central Lima Biblioteca Central Lima 15/05/2020